000 00407nam a22001697a 4500
003 CEME
005 20210628203603.0
008 210201b xxu||||| |||| 00| 0 eng d
040 _c.
082 _a891.4393 MUR
100 _aMurtaza Anjam
_966405
245 _aSaqoot-e-baghdad
260 _aLAHORE
_bADARA FARUGH-E-URDU
_c2003
300 _a384P
650 _aFALL OF BAGHDAD
_966406
942 _cBK
_2ddc
999 _c574382
_d574382